| 000 | 00438nam a2200157Ia 4500 | ||
|---|---|---|---|
| 008 | 210716s2001 xx 000 0 und d | ||
| 020 | _a817635502X | ||
| 041 | _aeng | ||
| 082 | _a004.604 ROSC | ||
| 100 | _aRose, Carla. | ||
| 245 |
_aSams teach yourself adobe: photoshop 6 in 24 hours. _bPhotoshop 6 in 24 hours. |
||
| 250 | _a1 | ||
| 260 |
_aNew Delhi _bTechmedia _c2001 |
||
| 300 | _axiv,450,28 | ||
| 650 | _aWeb Design & Development | ||
| 999 |
_c184836 _d184836 |
||